[Event "BCF-chT3 0607 (4NCL)"]
[Site "Sunningdale"]
[Date "2007.05.06"]
[Round "10.2"]
[White "Rizouk, Ryad"]
[Black "Spice, Alan"]
[Result "1-0"]
[WhiteElo "2363"]
[BlackElo "2186"]
[PlyCount "45"]
[EventDate "2006.09.16"]
[EventType "team"]
[EventRounds "11"]
[EventCountry "ENG"]
[SourceTitle "EXT 2008"]
[Source "ChessBase"]
[SourceDate "2007.11.25"]
[SourceVersion "1"]
[SourceVersionDate "2007.11.25"]
[SourceQuality "1"]
[WhiteTeam "Mindsports"]
[BlackTeam "SW Dragons II"]
[WhiteTeamCountry "ENG"]
[BlackTeamCountry "ENG"]

1. e4 e6 2. d4 d5 3. Nd2 Nc6 4. Ngf3 Nf6 5. e5 Nd7 6. c3 f6 7. exf6 Qxf6 8. Nb3 Bd6 9. c4 dxc4 10. Bxc4 Nb6 11. Bb5 Bb4+ 12. Bd2 Bd7 13. 0-0 Bxd2 14. Qxd2 a6 15. Bd3 0-0-0 16. Rfe1 Be8 17. Rac1 Bh5 18. Ne5 Nxe5 19. Rxe5 Rd5 20. Qc3 Qe7 21. Rxe6 Qd7 22. Rxb6 Kb8 23. Rb4 1-0

[Event "BCF-chT3 0607 (4NCL)"]
[Site "Sunningdale"]
[Date "2007.03.03"]
[Round "7.1"]
[White "Bellin, Robert"]
[Black "Rizouk, Ryad"]
[Result "1-0"]
[WhiteElo "2381"]
[BlackElo "2359"]
[PlyCount "45"]
[EventDate "2006.09.16"]
[EventType "team"]
[EventRounds "11"]
[EventCountry "ENG"]
[SourceTitle "EXT 2008"]
[Source "ChessBase"]
[SourceDate "2007.11.25"]
[SourceVersion "1"]
[SourceVersionDate "2007.11.25"]
[SourceQuality "1"]
[WhiteTeam "Cheddleton"]
[BlackTeam "Mindsports"]
[WhiteTeamCountry "ENG"]
[BlackTeamCountry "ENG"]

1. d4 Nf6 2. Nf3 e6 3. e3 b6 4. Bd3 Bb7 5. 0-0 c5 6. c4 Be7 7. Nc3 cxd4 8. exd4 d5 9. cxd5 Nxd5 10. Ne5 0-0 11. Qf3 Nd7 12. Qh3 N5f6 13. Re1 a6 14. Bg5 h5 15. Re3 Ra7 16. Rae1 Ba8 17. Rg3 Bb4 18. Bh6 g6 19. Nxg6 fxg6 20. Rxg6+ Kh8 21. Bg7+ Kh7 22. Rxf6+ Kxg7 23. Rg6+ 1-0

[Event "ALG Champions"]
[Site "Algiers"]
[Date "2000.07.02"]
[Round "2"]
[White "Slimani, Abdelhamid"]
[Black "Rizouk, Ryad"]
[Result "0-1"]
[WhiteElo "2205"]
[BlackElo "2362"]
[PlyCount "131"]
[EventDate "2000.07.15"]
[EventType "tourn"]
[EventRounds "6"]
[EventCountry "ALG"]
[SourceTitle "EXT 2002"]
[Source "ChessBase"]
[SourceDate "2001.11.25"]
[SourceVersion "1"]
[SourceVersionDate "2001.11.25"]
[SourceQuality "1"]

1. e4 e5 2. Nf3 Nc6 3. Bb5 a6 4. Ba4 Nf6 5. 0-0 Be7 6. Re1 b5 7. Bb3 d6 8. c3 0-0 9. h3 Nd7 10. d3 Bb7 11. Nbd2 Bf6 12. Nf1 Nc5 13. Bd5 Ne7 14. Bxb7 Nxb7 15. Ng3 g6 16. Bh6 Bg7 17. Qd2 Nc5 18. d4 Nd7 19. Rad1 Nc6 20. Qe3 Re8 21. d5 Na5 22. b3 Bxh6 23. Qxh6 Qf6 24. Rc1 Rab8 25. c4 Rec8 26. cxb5 axb5 27. Rc2 c5 28. dxc6 Nxc6 29. Rec1 Nc5 30. Qd2 b4 31. Rc4 Rc7 32. Rd1 Qd8 33. Nf1 Ne6 34. Ne3 Ncd4 35. Nxd4 exd4 36. Rxd4 Nxd4 37. Qxd4 f6 38. Nd5 Rf7 39. Nxb4 Qb6 40. Nd5 Qxd4 41. Rxd4 Kg7 42. Rd3 Rc8 43. a4 Rc1+ 44. Kh2 Ra1 45. Nb6 Re7 46. f3 f5 47. exf5 gxf5 48. Rxd6 Re2 49. Kg3 Ra3 50. b4 Rb3 51. Rd4 Rbb2 52. a5 Kg6 53. Nd5 Rxg2+ 54. Kf4 Ra2 55. Ne3 Rh2 56. Rd6+ Kf7 57. a6 Rhb2 58. Nd5 Rb3 59. Kxf5 Rxf3+ 60. Ke4 Rxh3 61. b5 Ra4+ 62. Nb4 Rh4+ 63. Kd5 Rh5+ 64. Kc6 Ra5 65. Kb6 Ra3 66. Kb7 0-1

[Event "Northumbrian Masters 1st"]
[Site "Newcastle on Tyne"]
[Date "1996.08.31"]
[Round "7"]
[White "Mah, Karl"]
[Black "Rizouk, Ryad"]
[Result "0-1"]
[WhiteElo "2245"]
[BlackElo "2385"]
[PlyCount "80"]
[EventDate "1996.08.28"]
[EventType "swiss"]
[EventRounds "9"]
[EventCountry "ENG"]
[SourceTitle "EXT 2023"]
[Source "ChessBase"]
[SourceDate "2022.10.05"]
[SourceVersion "1"]
[SourceVersionDate "2022.10.05"]
[SourceQuality "1"]

1. d4 Nf6 2. Bg5 Ne4 3. Bf4 c5 4. f3 Nf6 5. d5 Qb6 6. Bc1 Qa5+ 7. Bd2 Qd8 8. e4 g6 9. Nc3 d6 10. Nge2 Na6 11. Qc1 h5 12. Nf4 Nc7 13. a4 Bg7 14. Bc4 0-0 15. Nd3 e6 16. Bg5 exd5 17. Nxd5 Ncxd5 18. Bxd5 Qa5+ 19. Bd2 Qa6 20. Ba2 d5 21. Nxc5 Qd6 22. Bb4 Qb6 23. Nd3 Re8 24. Bc5 Qc6 25. 0-0 dxe4 26. fxe4 Rxe4 27. Be3 b6 28. Bg5 Bb7 29. Rf3 Rae8 30. Bxf6 Bxf6 31. Qh6 Rg4 32. Bxf7+ Kxf7 33. Qh7+ Ke6 34. Re1+ Re4 35. Nf4+ Kd6 36. Rd3+ Kc5 37. b4+ Kxb4 38. Rb1+ Ka5 39. Rb5+ Ka6 40. Nd5 Re1+ 0-1

[Event "Northumbrian Masters 1st"]
[Site "Newcastle on Tyne"]
[Date "1996.08.28"]
[Round "2"]
[White "Rizouk, Ryad"]
[Black "Ray, Christopher"]
[Result "1-0"]
[WhiteElo "2385"]
[BlackElo "2200"]
[PlyCount "55"]
[EventDate "1996.08.28"]
[EventType "swiss"]
[EventRounds "9"]
[EventCountry "ENG"]
[SourceTitle "EXT 2023"]
[Source "ChessBase"]
[SourceDate "2022.10.05"]
[SourceVersion "1"]
[SourceVersionDate "2022.10.05"]
[SourceQuality "1"]

1. e4 c5 2. Nf3 Nc6 3. c3 e6 4. d4 d5 5. exd5 exd5 6. Bb5 Bd6 7. dxc5 Bxc5 8. 0-0 Nge7 9. Nbd2 0-0 10. Nb3 Bd6 11. Nbd4 a6 12. Bd3 Qc7 13. h3 Bd7 14. Re1 Na5 15. Ng5 g6 16. Ngf3 Nec6 17. Bh6 Rfe8 18. Qd2 Nc4 19. Bxc4 dxc4 20. Nxc6 Bxc6 21. Qd4 Rxe1+ 22. Rxe1 Bf8 23. Bxf8 Rxf8 24. Nh2 Re8 25. Rxe8+ Bxe8 26. Ng4 h5 27. Nf6+ Kf8 28. Nd5 1-0

[Event "Cairo op"]
[Site "Cairo"]
[Date "1996.??.??"]
[Round "5"]
[White "Farahat, Ali"]
[Black "Rizouk, Ryad"]
[Result "0-1"]
[WhiteElo "2220"]
[BlackElo "2385"]
[PlyCount "134"]
[EventDate "1996.??.??"]
[EventType "swiss"]
[EventRounds "10"]
[EventCountry "EGY"]
[SourceTitle "EXT 1998"]
[Source "ChessBase"]
[SourceDate "1997.11.17"]
[SourceVersion "1"]
[SourceVersionDate "1997.11.17"]
[SourceQuality "1"]

1. d4 Nf6 2. c4 e6 3. Nc3 Bb4 4. e3 0-0 5. Bd3 c5 6. Nge2 Nc6 7. 0-0 d5 8. a3 Bxc3 9. bxc3 dxc4 10. Bxc4 e5 11. a4 cxd4 12. cxd4 exd4 13. Nxd4 Nxd4 14. exd4 Qc7 15. Qb3 Ng4 16. g3 Bf5 17. Bf4 Qd7 18. Rad1 Nf6 19. Rfe1 Rac8 20. Re5 Bg4 21. Rd3 b6 22. Ba6 Rcd8 23. Bb5 Qd6 24. Rg5 Qe6 25. Be5 Qxb3 26. Rxb3 h6 27. Bxf6 hxg5 28. Bxd8 Rxd8 29. f3 Be6 30. Rd3 Kf8 31. Kf2 Bf5 32. Rd2 Ke7 33. d5 Kd6 34. Ke3 Rc8 35. Kd4 Rc1 36. Bc6 Rc5 37. Re2 Bd7 38. Bxd7 Rxd5+ 39. Kc4 Rc5+ 40. Kb4 Kxd7 41. Rd2+ Kc7 42. Re2 Rd5 43. Re8 f6 44. Ra8 Kb7 45. Rg8 Rd7 46. Kb5 Re7 47. f4 gxf4 48. gxf4 Kc7 49. Ka6 Kd6 50. Rd8+ Kc5 51. Ra8 Re4 52. Rc8+ Kd6 53. Kxa7 Rxa4+ 54. Kxb6 Rb4+ 55. Ka5 Rxf4 56. Rc2 Ke5 57. Kb5 Rd4 58. Rg2 g5 59. Kc5 Rd8 60. Re2+ Kf5 61. Rg2 g4 62. Kc4 Kg5 63. h3 f5 64. hxg4 fxg4 65. Ra2 g3 66. Ra7 Kg4 67. Rg7+ Kf3 0-1

[Event "Smith & Williamson YM 6th"]
[Site "Witley"]
[Date "1996.??.??"]
[Round "5"]
[White "Polak, Tomas"]
[Black "Rizouk, Ryad"]
[Result "1-0"]
[WhiteElo "2445"]
[BlackElo "2385"]
[PlyCount "63"]
[EventDate "1996.??.??"]
[EventType "tourn"]
[EventRounds "11"]
[EventCountry "ENG"]
[EventCategory "5"]
[SourceTitle "EXT 1998"]
[Source "ChessBase"]
[SourceDate "1997.11.17"]
[SourceVersion "1"]
[SourceVersionDate "1997.11.17"]
[SourceQuality "1"]

1. e4 e5 2. Nf3 Nc6 3. Bb5 Nd4 4. Nxd4 exd4 5. 0-0 c6 6. Ba4 Nf6 7. d3 d5 8. Bg5 Be7 9. Bxf6 Bxf6 10. exd5 b5 11. Re1+ Kf8 12. Bb3 cxd5 13. Nd2 Be6 14. a4 b4 15. Nf3 Qd6 16. Qe2 g6 17. Ne5 Kg7 18. f4 Rhe8 19. Qf2 Qc5 20. Re2 a5 21. Rae1 Ra7 22. g4 Bc8 23. g5 Bd8 24. Qg2 Be6 25. Ng4 Qd6 26. Re5 Qc6 27. Nh6 Rd7 28. Ng4 Rf8 29. Nf6 Bc7 30. Qf2 Bxe5 31. Qh4 Bxf6 32. Qh6+ 1-0

[Event "Smith & Williamson YM 6th"]
[Site "Witley"]
[Date "1996.??.??"]
[Round "6"]
[White "Rizouk, Ryad"]
[Black "Ansell, Simon"]
[Result "0-1"]
[WhiteElo "2385"]
[BlackElo "2420"]
[PlyCount "92"]
[EventDate "1996.??.??"]
[EventType "tourn"]
[EventRounds "11"]
[EventCountry "ENG"]
[EventCategory "5"]
[SourceTitle "EXT 1998"]
[Source "ChessBase"]
[SourceDate "1997.11.17"]
[SourceVersion "1"]
[SourceVersionDate "1997.11.17"]
[SourceQuality "1"]

1. e4 c5 2. Nf3 Nc6 3. c3 e6 4. d4 d5 5. exd5 Qxd5 6. Be3 cxd4 7. cxd4 Nf6 8. Nc3 Qd8 9. a3 Be7 10. Bd3 0-0 11. 0-0 b6 12. Qe2 Bb7 13. Rad1 Rc8 14. Ne5 g6 15. Bb1 Nd5 16. Bh6 Nxc3 17. bxc3 Re8 18. Be4 Qc7 19. Nxf7 Kxf7 20. d5 Bf6 21. dxc6 Bxc6 22. Rfe1 Bxe4 23. Qxe4 Qc6 24. Qf4 e5 25. Qg4 Qe6 26. Qa4 Re7 27. Rd3 e4 28. Rde3 Rxc3 29. Rxe4 Rc4 30. Rxe6 Rxa4 31. R6e3 Rxa3 32. Kf1 Raxe3 33. Bxe3 b5 34. Rb1 Rb7 35. Bd2 Be7 36. Ke2 b4 37. Kd3 a5 38. Kc4 Bf6 39. Kb3 Bd4 40. Ka4 Bb6 41. Bg5 Rd7 42. Kb5 Rd5+ 43. Kxb6 Rxg5 44. g3 Re5 45. f4 Rd5 46. Kc6 Rd3 0-1

[Event "Cairo op"]
[Site "Cairo"]
[Date "1996.??.??"]
[Round "8"]
[White "Rizouk, Ryad"]
[Black "Moh Abdel, Zaher"]
[Result "0-1"]
[WhiteElo "2385"]
[BlackElo "2285"]
[PlyCount "116"]
[EventDate "1996.??.??"]
[EventType "swiss"]
[EventRounds "10"]
[EventCountry "EGY"]
[SourceTitle "EXT 1998"]
[Source "ChessBase"]
[SourceDate "1997.11.17"]
[SourceVersion "1"]
[SourceVersionDate "1997.11.17"]
[SourceQuality "1"]

1. e4 c5 2. Nf3 Nc6 3. d4 cxd4 4. Nxd4 Nf6 5. Nc3 d6 6. Be2 e6 7. 0-0 Be7 8. Be3 0-0 9. Kh1 a6 10. a4 Qc7 11. Nb3 b6 12. f4 Bb7 13. Bf3 Nb4 14. Rf2 d5 15. e5 Ne4 16. Bxe4 dxe4 17. Qd4 Nd5 18. Nxd5 Bxd5 19. Qxb6 Qc8 20. Qd4 Rb8 21. Nc1 Rd8 22. Rd2 Rb4 23. Qc3 Rc4 24. Qb3 Rc6 25. c4 Rxc4 26. Ne2 Bb4 27. Rdd1 a5 28. Bb6 Rd7 29. Qe3 Rb7 30. Rac1 h6 31. h3 Qc6 32. Rxc4 Qxc4 33. Rc1 Qd3 34. Nc3 Bxc3 35. bxc3 Qa6 36. Bd4 Qc4 37. Ra1 Rb2 38. Kh2 Re2 39. Qg3 e3 40. Rg1 Qxa4 41. f5 Qc2 42. fxe6 fxe6 43. Bxe3 Qxc3 44. Bf4 Qxg3+ 45. Kxg3 g5 46. Bc1 Kg7 47. h4 Kg6 48. hxg5 hxg5 49. Kh3 a4 50. g3 Bf3 51. g4 Bd5 52. Rg3 Rxe5 53. Rc3 Re4 54. Bb2 Rb4 55. Ba3 Rb3 56. Rxb3 axb3 57. Bb2 Bf3 58. Kg3 Bd1 0-1

[Event "Smith & Williamson YM 6th"]
[Site "Witley"]
[Date "1996.??.??"]
[Round "4"]
[White "Rizouk, Ryad"]
[Black "Quinn, Mark"]
[Result "1/2-1/2"]
[WhiteElo "2385"]
[BlackElo "2350"]
[PlyCount "90"]
[EventDate "1996.??.??"]
[EventType "tourn"]
[EventRounds "11"]
[EventCountry "ENG"]
[EventCategory "5"]
[SourceTitle "EXT 1998"]
[Source "ChessBase"]
[SourceDate "1997.11.17"]
[SourceVersion "1"]
[SourceVersionDate "1997.11.17"]
[SourceQuality "1"]

1. e4 c5 2. Nf3 g6 3. d4 Bg7 4. c3 cxd4 5. cxd4 d5 6. exd5 Nf6 7. Bb5+ Nbd7 8. d6 exd6 9. Qe2+ Qe7 10. Qxe7+ Kxe7 11. 0-0 Nb6 12. Nc3 h6 13. Re1+ Be6 14. Bf4 a6 15. Bd3 Nbd5 16. Bg3 Rac8 17. Rac1 Kd7 18. Nd2 Nxc3 19. bxc3 Nh5 20. a4 Nxg3 21. hxg3 h5 22. Rb1 Rc7 23. Ne4 Bd5 24. Rb6 Bxe4 25. Bxe4 Rxc3 26. Rxb7+ Rc7 27. Rxc7+ Kxc7 28. Bxg6 Bxd4 29. Re7+ Kb6 30. Rxf7 Rg8 31. Bxh5 Rxg3 32. Kh2 Ra3 33. g4 Rxa4 34. g5 Bxf2 35. Rxf2 Rh4+ 36. Kg3 Rxh5 37. Kg4 Rh8 38. g6 a5 39. Kg5 a4 40. Rf5 Rh1 41. Kf6 Rg1 42. g7 a3 43. Rg5 Rxg5 44. Kxg5 a2 45. g8Q a1Q 1/2-1/2

[Event "Smith & Williamson YM 6th"]
[Site "Witley"]
[Date "1996.??.??"]
[Round "11"]
[White "Rizouk, Ryad"]
[Black "Stisis, Yaacov"]
[Result "1/2-1/2"]
[WhiteElo "2385"]
[BlackElo "2365"]
[PlyCount "164"]
[EventDate "1996.??.??"]
[EventType "tourn"]
[EventRounds "11"]
[EventCountry "ENG"]
[EventCategory "5"]
[SourceTitle "EXT 1998"]
[Source "ChessBase"]
[SourceDate "1997.11.17"]
[SourceVersion "1"]
[SourceVersionDate "1997.11.17"]
[SourceQuality "1"]

1. e4 c5 2. Nf3 d6 3. d4 cxd4 4. Qxd4 Nc6 5. Bb5 Bd7 6. Bxc6 Bxc6 7. c4 Nf6 8. Nc3 e6 9. 0-0 Be7 10. b3 0-0 11. Bb2 a6 12. a4 Nh5 13. Qe3 Nf6 14. Rad1 Qc7 15. Rfe1 Rfe8 16. Nd4 Bf8 17. Qg5 Bd7 18. Re3 Qc5 19. Qh4 Be7 20. Rh3 h5 21. Qg3 g6 22. Qe3 e5 23. Nf5 Bf8 24. Rg3 Qxe3 25. Nxe3 Bc6 26. Ned5 Nxd5 27. exd5 Bd7 28. Ne4 Red8 29. Nf6+ Kh8 30. f4 Bg7 31. fxe5 Bxf6 32. exf6 b5 33. axb5 axb5 34. cxb5 Rab8 35. Re1 Rxb5 36. Re7 Kg8 37. Bc1 Bf5 38. Bh6 Rxd5 39. Rge3 Re5 40. R3xe5 dxe5 41. Rxe5 Be6 42. b4 Rb8 43. Re4 Kh7 44. Be3 Rb7 45. Bc5 g5 46. Kf2 Kg6 47. Be7 Rc7 48. Re2 Kf5 49. b5 Rb7 50. Rb2 Rb6 51. Bd8 Rb8 52. Bc7 Rb7 53. b6 Kxf6 54. Ke3 Ke7 55. Kd4 Kd7 56. Kc5 Rxc7+ 57. bxc7 Kxc7 58. Rd2 Bb3 59. Rd3 Be6 60. Rg3 g4 61. Ra3 Kd7 62. Ra7+ Ke8 63. Ra8+ Ke7 64. Rh8 f5 65. Rxh5 f4 66. Kd4 Kf6 67. Ke4 f3 68. gxf3 gxf3 69. Kxf3 Kg6 70. Ra5 Bc4 71. Kf4 Bb3 72. Kg4 Bd1+ 73. Kh4 Bb3 74. Ra6+ Kg7 75. Kg5 Bc4 76. Ra7+ Kh8 77. h4 Bb3 78. Rc7 Bd5 79. h5 Ba2 80. Rb7 Bd5 81. Rc7 Ba2 82. h6 Bb1 1/2-1/2

[Event "Smith & Williamson YM 6th"]
[Site "Witley"]
[Date "1996.??.??"]
[Round "8"]
[White "Turner, Matthew"]
[Black "Rizouk, Ryad"]
[Result "1/2-1/2"]
[WhiteElo "2425"]
[BlackElo "2385"]
[PlyCount "116"]
[EventDate "1996.??.??"]
[EventType "tourn"]
[EventRounds "11"]
[EventCountry "ENG"]
[EventCategory "5"]
[SourceTitle "EXT 1998"]
[Source "ChessBase"]
[SourceDate "1997.11.17"]
[SourceVersion "1"]
[SourceVersionDate "1997.11.17"]
[SourceQuality "1"]

1. c4 Nf6 2. Nc3 e5 3. g3 d5 4. cxd5 Nxd5 5. Bg2 Nb6 6. Nf3 Nc6 7. 0-0 Be7 8. a3 0-0 9. b4 Be6 10. d3 f6 11. Bb2 a5 12. b5 Nd4 13. Nxd4 exd4 14. Ne4 a4 15. Rc1 Ra5 16. Nc5 Bxc5 17. Rxc5 Nd7 18. Qd2 Nxc5 19. Qxa5 Qd6 20. Qb4 Rd8 21. Bc1 b6 22. Bf4 Qe7 23. e3 Qf7 24. Rd1 Bb3 25. Rd2 Ne6 26. g4 Nxf4 27. exf4 Qe6 28. Bf3 Qe1+ 29. Kg2 Re8 30. Bc6 Rd8 31. Bf3 Rd6 32. h3 Kf8 33. Be4 g6 34. Bf3 Qc1 35. Be4 Qc3 36. Qxc3 dxc3 37. Re2 Re6 38. f5 gxf5 39. gxf5 Re5 40. Re1 Rxb5 41. Rc1 c2 42. d4 Ke7 43. Bxc2 Bxc2 44. Rxc2 Kd6 45. Rc4 Rxf5 46. Rxa4 Ra5 47. Rc4 Rxa3 48. d5 Ra7 49. Rh4 Kxd5 50. Rxh7 Rb7 51. h4 Kd6 52. h5 Rb8 53. Rf7 b5 54. Rxf6+ Kc5 55. Rf7 c6 56. h6 b4 57. h7 b3 58. Rb7 Rh8 1/2-1/2

[Event "Algarve"]
[Site "Algarve"]
[Date "1995.??.??"]
[Round "1"]
[White "Asfora, Marco Antonio Hazin"]
[Black "Rizouk, Ryad"]
[Result "0-1"]
[WhiteElo "2280"]
[BlackElo "2240"]
[PlyCount "116"]
[EventDate "1995.??.??"]
[EventType "schev"]
[EventRounds "9"]
[EventCountry "POR"]
[SourceTitle "CBM 046 Extra"]
[Source "ChessBase"]
[SourceDate "1995.07.01"]
[SourceVersion "1"]
[SourceVersionDate "1995.07.01"]
[SourceQuality "1"]

1. Nf3 Nf6 2. c4 c5 3. g3 Nc6 4. Bg2 d5 5. cxd5 Nxd5 6. Nc3 Nc7 7. 0-0 g6 8. d3 Bg7 9. Be3 Ne6 10. Qd2 0-0 11. Bh6 Ned4 12. Bxg7 Kxg7 13. Rac1 Bg4 14. Nxd4 cxd4 15. Bxc6 bxc6 16. Ne4 Be6 17. b3 Bd5 18. Qb4 e5 19. Qd6 f6 20. Qxd8 Rfxd8 21. Nc5 h5 22. f3 Rh8 23. Kf2 f5 24. Rg1 g5 25. Na6 Kf6 26. Rc2 e4 27. Nc7 Rac8 28. Nxd5+ cxd5 29. Rgc1 Rxc2 30. Rxc2 Rh7 31. f4 gxf4 32. gxf4 Rd7 33. Rc6+ Kg7 34. Ra6 Rc7 35. Kg3 Rc2 36. Rxa7+ Kf6 37. Ra6+ Ke7 38. Ra4 Rxe2 39. Rxd4 Kd6 40. dxe4 fxe4 41. Ra4 Kc5 42. f5 h4+ 43. Kf4 Rf2+ 44. Ke5 e3 45. b4+ Kc4 46. b5+ Kxb5 47. Ra3 e2 48. Re3 Kc4 49. a4 d4 50. Re4 Kc3 51. a5 d3 52. a6 e1Q 53. Rxe1 Re2+ 54. Rxe2 dxe2 55. a7 e1Q+ 56. Kf6 Qa1 57. Kg6 Qxa7 58. f6 Qg1+ 0-1

[Event "Algarve"]
[Site "Algarve"]
[Date "1995.??.??"]
[Round "5"]
[White "De Haro, Martim Alfonso"]
[Black "Rizouk, Ryad"]
[Result "1/2-1/2"]
[WhiteElo "2255"]
[BlackElo "2240"]
[PlyCount "54"]
[EventDate "1995.??.??"]
[EventType "schev"]
[EventRounds "9"]
[EventCountry "POR"]
[SourceTitle "CBM 046 Extra"]
[Source "ChessBase"]
[SourceDate "1995.07.01"]
[SourceVersion "1"]
[SourceVersionDate "1995.07.01"]
[SourceQuality "1"]

1. e4 e5 2. Nf3 Nc6 3. Bb5 Nd4 4. Nxd4 exd4 5. d3 c6 6. Bc4 d5 7. exd5 cxd5 8. Bb3 Bc5 9. 0-0 Ne7 10. Bg5 0-0 11. Bxe7 Qxe7 12. Nd2 a5 13. a4 Ra6 14. Qh5 Rg6 15. f4 Qc7 16. Qxd5 Bd6 17. Rae1 b6 18. Qc4 Bb7 19. Re2 Qb8 20. Qb5 Bxf4 21. Bxf7+ Rxf7 22. Re8+ Rf8 23. Qc4+ Kh8 24. Rxb8 Rxg2+ 25. Kh1 Rxh2+ 26. Kg1 Rg2+ 27. Kh1 Rh2+ 1/2-1/2

[Event "Biel MTO op"]
[Site "Biel"]
[Date "1995.??.??"]
[Round "9"]
[White "Eismont, Oleg"]
[Black "Rizouk, Ryad"]
[Result "1-0"]
[WhiteElo "2450"]
[BlackElo "2390"]
[PlyCount "77"]
[EventDate "1995.07.??"]
[EventType "swiss"]
[EventRounds "11"]
[EventCountry "SUI"]
[SourceTitle "CBM 048 Extra"]
[Source "ChessBase"]
[SourceDate "1995.11.01"]
[SourceVersion "1"]
[SourceVersionDate "1995.11.01"]
[SourceQuality "1"]

1. e4 e5 2. Nf3 Nc6 3. Bc4 Bc5 4. c3 d6 5. d4 exd4 6. cxd4 Bb6 7. h3 Nf6 8. 0-0 0-0 9. d5 Ne5 10. Nxe5 dxe5 11. Nc3 h6 12. Qe2 Bd4 13. a3 c6 14. Bd2 cxd5 15. exd5 a6 16. Rad1 b5 17. Bb3 Bb7 18. Be3 Re8 19. Qd3 Nxd5 20. Bxd4 exd4 21. Qxd4 Nxc3 22. Qxc3 Qg5 23. Bxf7+ Kh8 24. Qg3 Qxg3 25. fxg3 Re2 26. Rf2 Rxf2 27. Kxf2 Rf8 28. Rd7 Bc6 29. Re7 a5 30. h4 Bd5 31. Re8 Rxe8 32. Bxe8 b4 33. axb4 axb4 34. Ke3 Kg8 35. Kd4 Be6 36. Bc6 Kf8 37. Bd5 Bg4 38. Kc4 g5 39. Kxb4 1-0

[Event "Olympiad-31"]
[Site "Moscow"]
[Date "1994.12.15"]
[Round "13.2"]
[White "Rizouk, Ryad"]
[Black "Valiente, Cristobal"]
[Result "0-1"]
[WhiteElo "2220"]
[BlackElo "2360"]
[PlyCount "101"]
[EventDate "1994.12.01"]
[EventType "team-swiss"]
[EventRounds "14"]
[EventCountry "RUS"]
[SourceTitle "CBM 045"]
[Source "ChessBase"]
[SourceDate "1995.04.01"]
[SourceVersion "1"]
[SourceVersionDate "1995.04.01"]
[SourceQuality "1"]
[WhiteTeam "Algeria"]
[BlackTeam "Paraguay"]
[WhiteTeamCountry "ALG"]
[BlackTeamCountry "PAR"]

1. e4 c6 2. d4 d5 3. exd5 cxd5 4. Bd3 Nc6 5. c3 Nf6 6. Bg5 g6 7. h3 Bg7 8. Nf3 0-0 9. 0-0 a6 10. Nbd2 Bf5 11. Bxf5 gxf5 12. Ne5 Qc7 13. Nxc6 Qxc6 14. Qf3 Qd7 15. Qg3 Kh8 16. Qh4 Rae8 17. f3 Ng8 18. Rad1 f6 19. Be3 e6 20. Rfe1 Ne7 21. Nf1 Ng6 22. Qf2 Rf7 23. b3 b5 24. Bc1 Bf8 25. Re2 Bd6 26. Qe1 Rg7 27. Kh1 Bf4 28. Bb2 Bb8 29. g3 Rgg8 30. Rd3 Qf7 31. Qf2 e5 32. Rd1 f4 33. g4 e4 34. Nh2 e3 35. Qf1 Rc8 36. Rc1 Bd6 37. Rec2 Rc7 38. Ra1 Rb8 39. Rcc1 Bf8 40. b4 Bg7 41. a4 f5 42. axb5 axb5 43. Ra5 Qe8 44. Qe2 Ne7 45. Rca1 Nc8 46. Ra6 Nb6 47. Kg2 Na4 48. R1xa4 bxa4 49. Qd1 Qb5 50. Ra5 Qxa5 51. bxa5 0-1